000 00878nmm a2200265 a 4500
001 ocm0001349920
003 TR-IsHL
005 20201028161014.0
008 161016s2013 tu tur
007 cr cn
020 _a9789752697935
035 _a1349920
_b(N$T)
050 0 4 _aBP52
_b.K37
090 0 4 _aBP52
_b.K37
100 1 _aKara, Hilal Çelikkol
245 1 0 _aÇocukları çok seven peygamberim
_h[electronic resource] /
_cHilal Çelikkol Kara
260 _aİstanbul :
_bNesil Çocuk Yayınları,
_c2013
300 _a105 p.
650 4 _aFelsefe, Psikoloji ve Din
650 4 _aPhilosophy, Psychology and Religion
650 0 _aDini hikayeler
_x İslam
650 0 _aReligious stories
_x Islam
650 7 _aRELIGION / Islam / History
_2bisacsh
856 4 0 _uhttp://search.ebscohost.com/login.aspx?direct=true&scope=site&db=e011xww&AN=1349920
999 _c13896
_d13896